[Event "OLNN 2223 SV Bad Schwartau - SF Schwerin"]
[Site "?"]
[Date "2023.05.07"]
[Round "9.1"]
[White "Hilwerda, Jonas"]
[Black "Schmid, Thomas"]
[Result "1/2-1/2"]
[WhiteElo "2260"]
[BlackElo "2192"]
[PlyCount "78"]
[EventDate "2023.??.??"]

1. e4 d6 2. d4 Nf6 3. Nc3 g6 4. Be3 Bg7 5. Qd2 O-O 6. O-O-O c6 7. f3 b5 8. h4 h5 9. Nge2 Nbd7 10. g4 e5 11. Ng3 Qc7 12. gxh5 Nxh5 13. Nxh5 gxh5 14. Bh6 f6 15. Ne2 Nb6 16. Ng3 Qf7 17. Rg1 Qxa2 18. Qe3 Bxh6 19. Qxh6 Kf7 20. Nxh5 Nd7 21. Bh3 Qa1+ 22. Kd2 Qxb2 23. Rg7+ Ke8 24. Bxd7+ Bxd7 25. Nxf6+ Rxf6 26. Qxf6 Qxd4+ 27. Ke1 Qe3+ 28. Kf1 Bh3+ 29. Rg2 Bxg2+ 30. Kxg2 Qe2+ 31. Kg3 Qxd1 32. Qh8+ Ke7 33. Qh7+ Kd8 34. Qh8+ Kc7 35. Qxa8 Qg1+ 36. Kh3 Qh1+ 37. Kg3 Qg1+ 38. Kh3 Qf1+ 39. Kg3 Qg1+ 1/2-1/2

[Event "OLNN 2223 SV Bad Schwartau - SF Schwerin"]
[Site "?"]
[Date "2023.05.07"]
[Round "9.2"]
[White "Gressmann, Moritz"]
[Black "Reichmann, Hendrik"]
[Result "0-1"]
[WhiteElo "2134"]
[BlackElo "2311"]
[PlyCount "92"]
[EventDate "2023.??.??"]

1. e4 c5 2. Nf3 a6 3. c3 d5 4. exd5 Qxd5 5. d4 e6 6. Be2 Nf6 7. Be3 Nbd7 8. c4 Qd6 9. Nc3 b6 10. O-O Bb7 11. dxc5 Qxd1 12. Rfxd1 Bxc5 13. Bxc5 Nxc5 14. b4 Ncd7 15. a4 a5 16. Nb5 Ke7 17. Nd6 Bc6 18. Ng5 axb4 19. Ndxf7 Rhc8 20. Nd6 Rc7 21. Nb5 Bxb5 22. axb5 Rxa1 23. Rxa1 Nc5 24. Rb1 b3 25. Bd1 Rd7 26. Kf1 Rd3 27. Ke1 h6 28. Nf3 Nfe4 29. Ne5 Rc3 30. Ke2 Kf6 31. Ng4+ Kg5 32. f3 Rxf3 33. gxf3 Nc3+ 34. Kd2 Nxb1+ 35. Kc1 Na3 36. Bxb3 Nxb3+ 37. Kb2 Nxc4+ 38. Kxb3 Nd2+ 39. Kc3 Nxf3 40. Ne3 Ne5 41. Kd4 Nd7 42. Nc4 Kf4 43. Nd6 g5 44. Ne8 e5+ 45. Kd5 e4 46. Ng7 Nf6+ 0-1

[Event "OLNN 2223 SV Bad Schwartau - SF Schwerin"]
[Site "?"]
[Date "2023.05.07"]
[Round "9.3"]
[White "Wolf, Christoph"]
[Black "Masio, Andreas"]
[Result "1-0"]
[WhiteElo "2163"]
[BlackElo "2011"]
[PlyCount "33"]
[EventDate "2023.??.??"]

1. e4 c5 2. Nf3 Nc6 3. Bc4 e5 4. O-O Be7 5. d4 cxd4 6. c3 dxc3 7. Qd5 Nh6 8. Bxh6 O-O 9. Nxc3 gxh6 10. Nxe5 Nxe5 11. Qxe5 Bf6 12. Qf4 Bxc3 13. bxc3 Qg5 14. Qc7 Qg6 15. Rad1 Kh8 16. Rd3 b5 17. Bd5 1-0

[Event "OLNN 2223 SV Bad Schwartau - SF Schwerin"]
[Site "?"]
[Date "2023.05.07"]
[Round "9.4"]
[White "Toenniges, Thomas"]
[Black "Grahl, Arvid"]
[Result "1/2-1/2"]
[WhiteElo "2037"]
[BlackElo "2152"]
[PlyCount "119"]
[EventDate "2023.??.??"]

1. e4 d6 2. d4 Nf6 3. Bd3 e5 4. d5 Nbd7 5. c4 Nc5 6. Nc3 a5 7. Bc2 Be7 8. f3 Bd7 9. Be3 Nh5 10. Nge2 Bg5 11. Qd2 h6 12. O-O-O Bxe3 13. Qxe3 Qg5 14. Qxg5 hxg5 15. g3 Ke7 16. Rdf1 Rh6 17. f4 gxf4 18. gxf4 Nxf4 19. Nxf4 exf4 20. Rxf4 g5 21. Rf2 Rah8 22. Ne2 Rh3 23. Kd2 R8h4 24. Rhf1 Be8 25. Ng3 Rf4 26. Rxf4 gxf4 27. Nf5+ Kf6 28. Rxf4 Rxh2+ 29. Kc3 Ke5 30. Rf3 Bd7 31. Re3 Kf4 32. Re1 Rf2 33. Ne3 Rf3 34. Kd4 Bh3 35. Re2 Nd7 36. Ng2+ Bxg2 37. Rxg2 c5+ 38. dxc6 bxc6 39. Rd2 c5+ 40. Kd5 Nb6+ 41. Kc6 Nxc4 42. Rd5 Ne3 43. Rd2 Nxc2 44. Rxc2 Rd3 45. Rf2+ Kxe4 46. Rxf7 Rd2 47. Re7+ Kd4 48. Re6 d5 49. Rh6 Kc4 50. Rh4+ Rd4 51. Rh3 a4 52. Rc3+ Kb4 53. a3+ Ka5 54. Rxc5+ Ka6 55. Rxd5 Rc4+ 56. Rc5 Rh4 57. Kd5 Rh2 58. Rc4 Rxb2 59. Rxa4+ Kb5 60. Rb4+ 1/2-1/2

[Event "OLNN 2223 SV Bad Schwartau - SF Schwerin"]
[Site "?"]
[Date "2023.05.07"]
[Round "9.5"]
[White "Heinsohn, Wilfried"]
[Black "Sallandt, Frido"]
[Result "1-0"]
[WhiteElo "2109"]
[BlackElo "1814"]
[PlyCount "55"]
[EventDate "2023.??.??"]

1. e4 e5 2. Nc3 Nc6 3. g3 Nf6 4. Bg2 Bc5 5. Nf3 d6 6. O-O a6 7. d3 O-O 8. Nd5 h6 9. c3 Ba7 10. Ne3 Re8 11. Nh4 Ne7 12. f4 exf4 13. Rxf4 Ned5 14. exd5 Bxe3+ 15. Bxe3 Rxe3 16. Qd2 Re8 17. Raf1 Qe7 18. Be4 Bh3 19. Rxf6 Bxf1 20. Rxf1 b5 21. Qf2 a5 22. Nf5 Qf6 23. Nxh6+ Qxh6 24. Qxf7+ Kh8 25. Rf4 Rxe4 26. dxe4 g5 27. Rf6 Qh7 28. Qe6 1-0

[Event "OLNN 2223 SV Bad Schwartau - SF Schwerin"]
[Site "?"]
[Date "2023.05.07"]
[Round "9.6"]
[White "Schwarz, Oliver"]
[Black "Weyrich, Morten"]
[Result "0-1"]
[WhiteElo "2074"]
[BlackElo "2259"]
[PlyCount "130"]
[EventDate "2023.??.??"]

1. d4 d6 2. c4 e5 3. dxe5 dxe5 4. Qxd8+ Kxd8 5. e4 Be6 6. Nc3 Bb4 7. Bd2 Nd7 8. O-O-O Ngf6 9. f3 c6 10. g4 h6 11. h4 Kc7 12. Nh3 Be7 13. Be2 Rae8 14. Kc2 Kc8 15. Be3 Bc5 16. Bxc5 Nxc5 17. b4 Na6 18. a3 Rd8 19. Rxd8+ Rxd8 20. Rd1 Nc7 21. Nf2 Nfe8 22. Nd3 f6 23. Nc5 b6 24. Rxd8+ Kxd8 25. Nxe6+ Nxe6 26. h5 Nd6 27. Kd2 Nd4 28. Kd3 Ne6 29. Ke3 Nd4 30. Bd3 Kc7 31. Ne2 Nxe2 32. Bxe2 Nb7 33. Kd3 Kd6 34. Kc3 Nd8 35. Bd1 Ne6 36. Kd3 c5 37. b5 g6 38. hxg6 Nf4+ 39. Ke3 Nxg6 40. Be2 Nf4 41. Bf1 Kc7 42. Be2 Kb7 43. Bf1 a6 44. a4 a5 45. Kf2 Kc7 46. Ke3 Kd7 47. Bd3 Ke7 48. Bb1 Kf7 49. Bc2 Kg6 50. Bd1 Kg5 51. Be2 Kh4 52. Kf2 Kh3 53. Bd1 Kh2 54. Be2 Nh3+ 55. Ke3 Kg1 56. Bd1 Kf1 57. Be2+ Ke1 58. f4 exf4+ 59. Kf3 Ng5+ 60. Kxf4 Kxe2 61. e5 Kd3 62. exf6 Kxc4 63. Kf5 Kd5 64. Kg6 Ke6 65. Kxh6 Kxf6 0-1

[Event "OLNN 2223 SV Bad Schwartau - SF Schwerin"]
[Site "?"]
[Date "2023.05.07"]
[Round "9.7"]
[White "Wagner, Ralph"]
[Black "Mueller, Friedrich"]
[Result "1-0"]
[WhiteElo "2129"]
[BlackElo "1958"]
[PlyCount "79"]
[EventDate "2023.??.??"]

1. d4 Nf6 2. c4 e6 3. Nc3 d5 4. Bf4 c6 5. e3 Nbd7 6. Nf3 Qa5 7. Qc2 dxc4 8. Bxc4 Nd5 9. Bg3 Bb4 10. O-O Nxc3 11. bxc3 Bxc3 12. Rab1 Bb4 13. e4 O-O 14. Rb3 Be7 15. Rd1 Nf6 16. Ne5 Nh5 17. Qe2 g6 18. Qg4 Nxg3 19. Rxg3 Bf6 20. f4 c5 21. Qh5 cxd4 22. Nd7 Bd8 23. Qxa5 Bxa5 24. Nxf8 Kxf8 25. Kf1 Bc3 26. Ke2 Ke7 27. Rb1 Rb8 28. Kd3 Bd7 29. Bb5 Bc8 30. Rf3 h5 31. h3 b6 32. g4 hxg4 33. hxg4 a6 34. Ba4 b5 35. f5 gxf5 36. gxf5 exf5 37. Bb3 fxe4+ 38. Kxe4 Bb7+ 39. Bd5 Bxd5+ 40. Kxd5 1-0